All Rainbow Six Siege Operators - Statistics

General Stats
  • This quiz has been taken 56 times
  • The average score is 44 of 57
Answer Stats
Hint Answer % Correct
FBI SWAT (Attack) Ash
95%
GIGN (Attack) Montagne
91%
Navy Seals (Attack) Blackbeard
89%
GSG9 (Attack) Blitz
89%
Spetsnaz (Attack) Fuze
89%
Spetsnaz (Attack) Glaz
89%
GIGN (Defend) Rook
89%
SAS (Attack) Sledge
89%
FBI SWAT (Attack) Thermite
89%
GIGN (Attack) Twitch
89%
JTF2 (Attack) Buck
86%
GIGN (Defend) Doc
86%
Spetsnaz (Defend) Kapkan
86%
SAS (Defend) Mute
86%
Standard troop for both attack and defend Recruit
86%
SAS (Defend) Smoke
86%
GSG9 (Defend) Bandit
84%
FBI SWAT (Defend) Castle
84%
FBI SWAT (Defend) Pulse
84%
SAS ( Attack) Thatcher
84%
GSG9 (Defend) Jäger
82%
GIGN- CBRN Threat Unit (Attack) Lion
82%
Spetsnaz (Defend) Tachanka
82%
JTF2 (Defend) Frost
80%
GSG9 (Attack) IQ
80%
G.E.O (Defend) Mira
80%
707th SMB (Defend) Vigil
80%
BOPE (Attack) Capitão
77%
BOPE (Defend) Caveira
77%
S.A.T (Defend) Echo
77%
MPS (Defend) Clash
75%
S.A.T (Attack) Hibana
75%
G.E.O (Attack) Jackal
75%
Navy Seals (Defend) Valkyrie
75%
US Secret Service (Defend) Warden
75%
NIGHTHAVEN (Attack) Ace
73%
707th SMB (Attack) Dokkaebi
73%
G.R.O.M (Attack) Ela
73%
NIGHTHAVEN (Attack) Kali
73%
The Unit (Attack) Maverick
73%
Spetsnaz- CBRN Threat Unit (Attack) Finka
70%
SASR (Attack) Gridlock
70%
GIGR (Defend) Kaid
70%
SASR (Defend) Mozzie
70%
NIGHTHAVEN (Defend) Wamai
70%
S.D.U (Defend) Lesion
66%
G.I.S (Defend) Maestro
66%
Jaeger Corps (Attack) Nøkk
66%
GIGR (Attack) Nomad
66%
Unaffiliated (Defend) Oryx
66%
S.D.U (Attack) Ying
66%
G.R.O.M (Defend) Zofia
66%
G.I.S (Defend) Alibi
64%
REU (Attack) Iana
64%
APCA (Attack) Amaru
61%
FES (Defend) Goyo
61%
ITF (Defend) Melusi
61%
No matching quizzes found
Score Distribution
Percent of People with Each Score
Percentile by Number Answered
Your Score History
You have not taken this quiz